Nuevas rimas (Record no. 13814)

MARC details
000 -LEADER
campo de control de longitud fija 00909nam a2200241 i 4500
001 - NÚMERO DE CONTROL
campo de control 13814
003 - IDENTIFICADOR DE NÚMERO DE CONTROL
campo de control ES-MaACL
005 - FECHA Y HORA DE LA ÚLTIMA TRANSACCIÓN
campo de control 20250513130333.0
007 - CAMPO FIJO DE DESCRIPCIÓN FÍSICA--INFORMACIÓN GENERAL
campo de control de longitud fija t|
008 - DATOS DE LONGITUD FIJA--INFORMACIÓN GENERAL
campo de control de longitud fija 980708s1915 sp |||| | spa d
080 ## - NÚMERO DE LA CLASIFICACIÓN DECIMAL UNIVERSAL
Número de la Clasificación Decimal Universal 821.131.1-14"18"
100 1# - ENTRADA PRINCIPAL--NOMBRE DE PERSONA
Nombre de persona Carducci, Giosuè (
Fechas asociadas al nombre 1835-1907)
9 (RLIN) 35212
245 10 - MENCIÓN DEL TÍTULO
Título Nuevas rimas
Resto del título ; y Odas bárbaras : poesías de Giosué Carducci MDCCCL-MCM, I /
Mención de responsabilidad, etc. traducción en verso castellano y prólogo por H. Giner de los Ríos.
246 30 - FORMA VARIANTE DEL TITULO
Título propio/Titulo breve Odas bárbaras
260 ## - PUBLICACIÓN, DISTRIBUCIÓN, ETC.
Lugar de publicación, distribución, etc. Barcelona :
Nombre del editor, distribuidor, etc. F. Granada y Cª,
Fecha de publicación, distribución, etc. 1915.
300 ## - DESCRIPCIÓN FÍSICA
Extensión XXIII, 214 p. ;
Dimensiones 22 cm.
530 ## - NOTA DISPONIBLE DE FORMULARIO FÍSICO ADICIONAL
Nota de formato físico adicional disponible Disponible en formato digital.
700 1# - ENTRADA AGREGADA--NOMBRE PERSONAL
Nombre de persona Giner de los Ríos, Hermenegildo.
9 (RLIN) 57125
852 ## - LOCALIZACIÓN
Ubicación ES-MaACL
Número de control de estantería L-21106
Ubicación en estantería Depósito 2
Nota libre Revisado enlace: 13 de mayo de 2025
856 4# - LOCALIZACIÓN Y ACCESO ELECTRÓNICOS
Identificador Uniforme de Recursos <a href="http://bdh-rd.bne.es/viewer.vm?id=0000206839&page=1 ">http://bdh-rd.bne.es/viewer.vm?id=0000206839&page=1 </a>
Texto de enlace Biblioteca Digital Hispánica
942 ## - ELEMENTOS DE ENTRADA SECUNDARIOS (KOHA)
Fuente del sistema de clasificación o colocación Clasificación decimal universal
Holdings
Estatus retirado Estado de pérdida Fuente del sistema de clasificación o colocación Estado de daño No para préstamo Colección Biblioteca de origen Biblioteca actual Ubicación en estantería Fecha de adquisición Total de préstamos Signatura topográfica completa Código de barras Visto por última vez Precio de reemplazo Tipo de ítem Koha
    Clasificación decimal universal     Biblioteca Digital del Ateneo de Madrid Biblioteca del Ateneo de Madrid Biblioteca del Ateneo de Madrid Depósito 2 17/01/2008   L-21106 1014058 23/02/2023 23/02/2023 Libro impreso